Fabeln von Aesop = Ezopovy bajky /

Hlavní autor: Gill, Simon, 1956-
Korporativní autor: Aspena (firma)
Jazyk: Němčina
Čeština
Vydáno: Dubicko : INFOA, [2019]
Vydání: České vydání
Edice: Mozaika (INFOA)
Německo-český zrcadlový text
Témata:
Fyzický popis: 63 stran : ilustrace ; 20 cm
Language note: Souběžný český text
Knihy
Uloženo v:
LEADER 02462nam a2200685 i 4500
001 nkc20193148295
003 CZ PrNK
005 20191203071211.0
007 ta
008 191016t20192019xr a g p 000 j ger
015 |a cnb003148295 
020 |a 978-80-7547-444-5  |q (brožováno) 
035 |a (OCoLC)1130265900 
040 |a BOA001  |b cze  |d ABA001  |e rda 
041 1 |a ger  |a cze  |h eng 
072 7 |a 811.112.2  |x Němčina  |2 Konspekt  |9 11 
072 7 |a 821.14'02  |x Řecká antická literatura  |2 Konspekt  |9 25 
080 |a 821.14-342  |2 MRF 
080 |a 811.112.2  |2 MRF 
080 |a 028.4-028.31/.32  |2 MRF 
080 |a (0:82-342)  |2 MRF 
080 |a (0.027)=030  |2 MRF 
080 |a (07.062)81  |2 MRF 
100 1 |a Gill, Simon,  |d 1956-  |7 mzk2005286890  |4 aut 
245 1 0 |a Fabeln von Aesop =  |b Ezopovy bajky /  |c převyprávění: Simon Gill ; překlad: Aspena s.r.o 
246 3 1 |a Ezopovy bajky 
250 |a České vydání 
264 1 |a Dubicko :  |b INFOA,  |c [2019] 
264 4 |c ©2019 
300 |a 63 stran :  |b ilustrace ;  |c 20 cm 
336 |a text  |b txt  |2 rdacontent 
337 |a bez média  |b n  |2 rdamedia 
338 |a svazek  |b nc  |2 rdacarrier 
490 1 |a Mozaika 
490 1 |a Německo-český zrcadlový text 
500 |a Přeloženo z angličtiny? 
521 8 |a Pro začátečníky - jazyková úroveň A1-A2 
546 |a Souběžný český text 
650 0 7 |a němčina  |7 ph115512  |2 czenas 
650 0 7 |a zjednodušená četba  |7 ph656682  |2 czenas 
650 0 9 |a German language  |2 eczenas 
650 0 9 |a simplified reading  |2 eczenas 
653 0 |a jazyková úroveň A1  |a jazyková úroveň A2 
655 7 |a řecké bajky  |7 fd133987  |2 czenas 
655 7 |a dvojjazyčná vydání  |7 fd194533  |2 czenas 
655 7 |a jazykové učebnice, texty, příručky (A)  |7 fd600889  |2 czenas 
655 9 |a Greek fables  |2 eczenas 
655 9 |a bilingual editions  |2 eczenas 
655 9 |a language textbooks, texts, handbooks (A)  |2 eczenas 
700 1 2 |a Gill, Simon,  |d 1956-  |t Aesop's fables.  |l Česky 
700 1 2 |a Gill, Simon,  |d 1956-  |t Aesop's fables.  |l Německy 
710 2 |a Aspena (firma)  |7 kn20030915009  |4 trl 
730 0 |i Adaptace díla:  |a Ezopovy bajky  |7 unn2007418894 
830 0 |a Mozaika (INFOA)  |0 s 
830 0 |a Německo-český zrcadlový text  |0 s 
910 2 |a BOA001  |b 1-1434.542 
990 |a BK 
995 |a 01 
991 |b 201910  |c NOV 
996 6 |b 2610799983  |c 1-1434.542  |l MZK  |r Sklad / do 1 hodiny  |n 0  |p p.v.  |w 001762349  |u 000010  |a 1  |e BOA001  |j MZK50  |s P